000 01904nam0a2200337 4500
001 RU\NLR\bibl\532117
005 20250609151607.0
021 _aRU
_b2004-19467
_9993
035 _a(NLR Aleph) 000524414
090 _a1313458
_c1313458
100 _a20040622d2003 |||y0rusy50 ca
101 0 _arus
102 _aRU
105 _aa |||||||||
200 1 _aОсновы рациональной организации умственной деятельности
_eУчеб. пособие по курсу "Безопасность жизнедеятельности" для студентов всех специальностей ун-та
_fТ.С. Дворецкая
_gМ-во образования Рос. Федерации, Тамб. гос. ун-т им. Г.Р. Державина
210 _aТамбов
_cИзд-во ТГУ
_d2003
215 _a67 с.
_cил.
_d21
320 _aБиблиогр.: с. 66-67 (30 назв.)
606 0 _aУмственный труд
_jРуководства, пособия и т.п.
_xГигиена
_91419355
_3RU\NLR\auth\66287444
606 0 _aУмственный труд
_jУчебные издания для высших учебных заведений
_xГигиена
_91419355
_3RU\NLR\auth\66287444
606 0 _aУмственный труд
_jРуководства, пособия и т.п.
_xФизиология
_91436700
_3RU\NLR\auth\66296899
606 0 _aУмственный труд
_jУчебные издания для высших учебных заведений
_xФизиология
_91436700
_3RU\NLR\auth\66296899
686 _aР124.087я73
700 1 _4070
_7ca
_8rus
_aДворецкая
_bТ. С.
_gТатьяна Сергеевна
_9163584
_3RU\NLR\AUTH\770163628
801 0 _aRU
_bNLR
_c20040622
_gPSBO
801 1 _aRU
_bNLR
_c20040622
942 _cBOOK
980 _aNB
980 _aNBR